Countries in the EU-Flags - Statistics

General Stats
  • This quiz has been taken 34 times
  • The average score is 26 of 27
Answer Stats
Picture Answer % Correct
Belgium
100%
Denmark
100%
France
100%
Germany
100%
Greece
100%
Hungary
100%
Ireland
100%
Italy
100%
Poland
100%
Portugal
100%
Spain
100%
Sweden
100%
Croatia
96%
Cyprus
96%
Czech Republic
96%
Estonia
96%
Finland
96%
Malta
96%
Netherlands
96%
Romania
96%
Slovakia
93%
Slovenia
93%
Bulgaria
89%
Latvia
89%
Luxembourg
89%
Austria
85%
Lithuania
85%
No matching quizzes found
Score Distribution
Percent of People with Each Score
Percentile by Number Answered
Your Score History
You have not taken this quiz